000 00423nam a2200121Ia 4500
008 220620s9999||||xx |||||||||||||| ||und||
100 _aSerpil Edebali
245 0 _aAdvanced Sorption Process Applications
546 _aEnglish[eng]
650 _aPhysical Sciences||Engineering and Technology||Chemistry||Physical Chemistry
856 _uhttps://www.intechopen.com/books/advanced-sorption-process-applications
942 _cEB
999 _c27758
_d27758